| 000 | nam a22 a 4500 | ||
|---|---|---|---|
| 999 |
_c915 _d915 |
||
| 003 | AKMAL | ||
| 005 | 20170505165719.0 | ||
| 008 | 170505s1991 my e 000 0 eng d | ||
| 020 |
_a9676903116 (kkt.): _cRM15.00 |
||
| 039 | 9 |
_a201108051147 _bmanoriah _c201108051020 _dsofia |
|
| 040 |
_aAKMAL _cAKMAL |
||
| 049 | _amalpma | ||
| 082 | 0 | 4 |
_a297.1972 FAR _222 |
| 090 | 0 | 0 |
_a297.1972 _bFAR |
| 090 | 2 | 0 |
_a297.1972 _bFAR |
| 245 | 0 | 0 |
_aJewish conspiracy and the Muslim world / _cedited by Misbahul Islam Faruqi |
| 260 |
_aBatu Caves, Selangor : _bThinkers Library, _c1991 |
||
| 300 |
_a248p. ; _c19cm. |
||
| 521 | _aIntended audience: Adult | ||
| 650 | 1 | 0 |
_aZionism _91957 |
| 650 | 2 | 0 |
_aJudaism _xRelations _xIslam _91958 |
| 650 | 2 | 0 |
_aIslam _xRelations _xJudaism _91578 |
| 700 | 1 |
_aFaruqi, Misbahul Islam _91959 |
|
| 942 |
_2ddc _cBOOK |
||